000 02445nam0a2200349 i 4500
001 RU\NLR\BIBL_A\011195882
005 20241102195327.0
021 _aRU
_b2016-58524
_93717
035 _a(NLR Aleph) 011195882
090 _a11892314
_c11892314
100 _a20160815d2016 u y0rusy50 ca
101 0 _arus
_alat
102 _aRU
105 _ay|||j|||000yy
200 1 _aНервно-мышечные комплексы и их кровоснабжение
_eучебное пособие
_e[для студентов 1 и 2 курсов медицинских вузов по специальностям 31.05.01 "Лечебное дело", 31.05.02 "Педиатрия", 31.05.03 "Стоматология" и др.]
_fП.В. Сутягин, Н.А. Маслова, Т.В. Овчинникова, Т.А. Тихонова
_gМ-во здравоохранения Рос. Федерации, Гос. бюджет. образоват. учреждение высш. проф. образования "Рос. нац. исслед. мед. ун-т им. Н.И. Пирогова"
210 _aМосква
_cИзд-во РАМН
_d2016
215 _a82 с.
_d20
300 _aНа обороте тит. л. авт.: П.В. Сутягин, д.б.н., доц., Н.А. Маслова, к.м.н., доц., Т.В. Овчинникова, преп., Т.А. Тихонова, к.м.н., доц.
300 _aЧасть текста на лат. яз.
320 _aБиблиогр.: с. 81-82
606 _aМышцы
_jУчебные издания для высших учебных заведений
_xКровоснабжение
_91642770
_3RU\NLR\AUTH\66726643
606 1 _aМышечные сокращения
_jУчебные издания для высших учебных заведений
_xРегуляция
_92489947
_3RU\NLR\AUTH\661477500
686 1 _aЕ863.14я731
686 1 _aЕ982.4я731
701 1 _aСутягин
_bП. В.
_gПавел Валентинович
701 1 _7ca
_8rus
_aМаслова
_bН. А.
_cканд. мед. наук
_gНаталья Алексеевна
_9163317
_3RU\NLR\AUTH\770163361
701 1 _aОвчинникова
_bТ. В.
701 1 _aТихонова
_bТ. А.
_cканд. мед. наук, морфология
_gТатьяна Александровна
_9138660
_3RU\NLR\AUTH\770138695
942 _cBOOK
980 _aNBR